Aéroports les plus fréquentés d'Asie - Statistiques

Statistiques générales
  • Ce quiz a été pris 9 735 fois
    3 480 depuis la dernière actualisation
  • Le résultat moyen est 18 sur 28
Statistiques - réponses
Millions Ville % Correct
70,7 Pékin (Capitale)
96%
54,0 Pékin (Daxing)
96%
91,4 Tokyo (Haneda)
96%
42,3 Tokyo (Narita)
96%
49,8 Shanghai (Hongqiao)
89%
84,9 Shanghai (Pudong)
89%
78,0 Delhi
87%
95,2 Dubaï
83%
74,0 Séoul
83%
62,9 Bangkok
80%
55,0 Jakarta
79%
70,0 Singapour
79%
55,5 Mumbai
75%
60,1 Hong Kong
72%
83,6 Canton
67%
66,0 Canton (Shenzhen)
67%
48,4 Istanbul (Sabiha Gökçen)
66%
63,3 Kuala Lumpur
66%
52,0 Manille
63%
54,3 Doha
62%
49,0 Taipei
52%
49,0 Xi'an
33%
43,8 Bengaluru
29%
50,0 Chongqing
27%
56,7 Chengdu
26%
53,4 Djeddah
25%
49,9 Hangzhou
12%
49,7 Kunming
9%
Aucun quiz correspondant
Distribution des résultats
% des personnes avec chaque résultat
Percentile par nombre de réponses
Votre historique - résultats
Vous n’avez pas pris ce quiz depuis la dernière actualisation